000 00510nam a2200181Ia 4500
008 090124s9999 xx 000 0 und d
082 _b121531
100 _aव्ही.शांताराम
245 _a शांतारामा
250 _a3
260 _c1986
300 _a582
600 _aव्ही.शांताराम
630 _a शांतारामा
700 _aव्ही.शांताराम
730 _a शांतारामा
942 _cBOOK
999 _c167617
_d167617